000 00533nam a2200169Ia 4500
003 GCL
008 140319s9999 xx 000 0 ara d
040 _aGCL /
_cGCL
082 0 4 _a411
_bم ت
100 1 _aمحمد حسن ابودنيا
245 1 0 _aالتحليل اللغوى فى ضوء علم الدلالة /
_cمحمد حسن ابودنيا
300 _a16 ص ؛
_c22 سم
650 0 4 _aاللغة العربية - الصرف
650 0 4 _aاللغة، علم
650 0 4 _aالنحو - الاصوات
942 _2ddc
_cBK
999 _c57658
_d57658